书目信息 |
| 题名: |
热灾害实验诊断方法
|
|
| 作者: | 廖光煊 , 王喜世 , 秦俊 编著 | |
| 分册: | ||
| 出版信息: | 合肥 中国科学技术大学出版社 2003 |
|
| 页数: | 180页 | |
| 开本: | 26cm | |
| 丛书名: | ||
| 单 册: | ||
| 中图分类: | TU998.12 | |
| 科图分类: | ||
| 主题词: | 火灾监测 | |
| 电子资源: | ||
| ISBN: | 7-312-01409-7 | |
| 000 | 00953nam0 2200265 450 | |
| 001 | 012007301639 | |
| 005 | 20070525154455.06 | |
| 010 | @a7-312-01409-7@dCNY20.00 | |
| 100 | @a20050722d2003 km y0chiy0120 ea | |
| 101 | 0 | @achi |
| 102 | @aCN@b340000 | |
| 105 | @ay z 000yy | |
| 106 | @ar | |
| 200 | 1 | @a热灾害实验诊断方法@Are zai hai shi yan zhen duan fang fa@f廖光煊,王喜世,秦俊编著@Fliao guang xuan,wang xi shi,qin jun bian zhu |
| 210 | @a合肥@c中国科学技术大学出版社@d2003 | |
| 215 | @a180页@d26cm | |
| 300 | @a本书得到《国家重点基础研究发展规划》项目(2001CB409600)的资助 | |
| 330 | @a本书阐述了热灾害现象中主要特征参量的物理含义及其实验测量的意义,系统介绍了各特征参量的实验诊断理论及相关技术。 | |
| 606 | 0 | @a火灾监测 |
| 690 | @aTU998.12@v4 | |
| 701 | 0 | @a廖光煊@Aliao guang xuan@c(安全工程)@4编著 |
| 701 | 0 | @a王喜世@Awang xi shi@4编著 |
| 701 | 0 | @a秦俊@Aqin jun@4编著 |
| 801 | 0 | @aCN@bRULIN@c20070525 |
| 905 | @dTU998.12@e358@s5 | |
| 热灾害实验诊断方法/廖光煊,王喜世,秦俊编著.-合肥:中国科学技术大学出版社,2003 |
| 180页;26cm |
| 本书得到《国家重点基础研究发展规划》项目(2001CB409600)的资助 |
| ISBN 7-312-01409-7:CNY20.00 |
| 本书阐述了热灾害现象中主要特征参量的物理含义及其实验测量的意义,系统介绍了各特征参量的实验诊断理论及相关技术。 |
| ● |
| 相关链接 |
|
|
|
|
正题名:热灾害实验诊断方法
索取号:TU998.12/358
 
预约/预借
| 序号 | 登录号 | 条形码 | 馆藏地/架位号 | 状态 | 备注 |
| 1 | 0581306 | 205813066 | 第二样本阅览室/ [索取号:TU998.12/358] | 在馆 | |
| 2 | 0581307 | 205813075 | 第三借阅区/ [索取号:TU998.12/358] | 在馆 | |
| 3 | 0581308 | 205813084 | 第三借阅区/ [索取号:TU998.12/358] | 在馆 | |
| 4 | 0581309 | 205813093 | 第三借阅区/ [索取号:TU998.12/358] | 在馆 | |
| 5 | 0581310 | 205813100 | 第三借阅区/ [索取号:TU998.12/358] | 在馆 |